[Event "Titled Tue 20th May Early"]
[Site "chess.com INT"]
[Date "2025.05.20"]
[Round "5"]
[White "Wernberg, Hugo"]
[Black "Petriashvili, Nikoloz"]
[Result "0-1"]
[WhiteTitle "FM"]
[BlackTitle "IM"]
[WhiteElo "2247"]
[BlackElo "2468"]
[WhiteFideId "1737511"]
[BlackFideId "13611216"]
[EventDate "2025.05.20"]

1. e4 Na6 2. d4 c6 3. c4 g6 4. Nf3 Bg7 5. h4 d5 6. cxd5 cxd5 7. e5 Bg4 8. Qa4+
Kf8 9. Nc3 Bxf3 10. gxf3 h5 11. Bxa6 bxa6 12. Qxa6 Bh6 13. f4 e6 14. f5 gxf5 15.
Bxh6+ Rxh6 16. O-O-O Ne7 17. Rhg1 Ng6 18. Rh1 Qb6 19. Qxb6 axb6 20. a3 Ke7 21.
Ne2 f6 22. f4 fxe5 23. fxe5 Rhh8 24. Kd2 Rhc8 25. Rhg1 Kf7 26. Rg5 Rh8 27. Rdg1
Rh6 28. Rh1 Rc8 29. Ng3 Rch8 30. Ne2 R6h7 31. Ke3 Rc8 32. Nf4 Nxf4 33. Kxf4 Rc2
34. Rhg1 Rh2 35. Rg6 Rxh4+ 36. Kg5 Rg4+ 37. Rxg4 hxg4 38. Rf6+ Ke7 39. Kg6 Rh2
40. Rf7+ Ke8 41. Kf6 Rh6+ 42. Kg7 Rh1 43. Rf8+ Kd7 44. Rf7+ Kc6 45. Kf6 g3 0-1

[Event "Titled Tue 20th May Early"]
[Site "chess.com INT"]
[Date "2025.05.20"]
[Round "5"]
[White "Tsydypov, Zhamsaran"]
[Black "Moosavifar, Seyed Abolfazl"]
[Result "1-0"]
[WhiteTitle "GM"]
[BlackTitle "FM"]
[WhiteElo "2514"]
[BlackElo "2303"]
[WhiteFideId "4108566"]
[BlackFideId "42548195"]
[EventDate "2025.05.20"]

1. d4 d5 2. c4 c6 3. Nf3 e6 4. e3 Nf6 5. Qc2 Bd6 6. Bd3 O-O 7. O-O h6 8. Nc3 a6
9. b3 b5 10. e4 dxe4 11. Nxe4 Be7 12. Rd1 Bb7 13. Ne5 Nbd7 14. Bf4 Rc8 15. c5
Nxe4 16. Bxe4 Nf6 17. Bf3 Nd5 18. Bg3 Bf6 19. a4 b4 20. Nc4 a5 21. Nd6 Rc7 22.
Be5 Ba6 23. Re1 Nc3 24. g3 Qe7 25. Re3 Rd8 26. Rxc3 bxc3 27. Qxc3 Bxe5 28. dxe5
f6 29. Qxa5 Bd3 30. Qc3 Bh7 31. Re1 f5 32. a5 g5 33. Ra1 g4 34. Bg2 h5 35. a6 h4
36. Qa5 h3 37. Bf1 f4 38. Qb4 Rf8 39. Be2 Qg5 40. a7 fxg3 41. hxg3 h2+ 42. Kg2
Qxe5 43. Qxg4+ Rg7 44. a8=Q Rxg4 45. Bxg4 Rxa8 46. Rxa8+ Kg7 47. Ra7+ Kg8 48.
Kxh2 Qxc5 49. Bxe6+ Kh8 50. Ra8+ Kg7 51. Ra7+ Kh6 52. Nf7+ Kh5 53. Ra2 Kg6 54.
Re2 Kf6 55. Re3 Qd4 56. Ne5 1-0

[Event "Titled Tue 20th May Early"]
[Site "chess.com INT"]
[Date "2025.05.20"]
[Round "5"]
[White "Mohota, Nisha"]
[Black "Winkels, Marcel"]
[Result "1-0"]
[WhiteTitle "IM"]
[BlackTitle "CM"]
[WhiteElo "2161"]
[BlackElo "1918"]
[WhiteFideId "5004330"]
[BlackFideId "1003887"]
[EventDate "2025.05.20"]

1. e4 c5 2. Nf3 d6 3. d4 cxd4 4. Nxd4 Nf6 5. Nc3 a6 6. g3 e5 7. Nde2 Be6 8. Bg2
Nbd7 9. h3 Be7 10. g4 h6 11. Ng3 O-O 12. Nf5 b5 13. Nxd6 Qc7 14. Nf5 Bb4 15. Bd2
Nc5 16. Qe2 Bc4 17. Qe3 Ne6 18. b3 Bc5 19. Qg3 Nd4 20. Nxd4 Bxd4 21. bxc4 b4 22.
O-O bxc3 23. Bxc3 Qxc4 24. Bxd4 Qxd4 25. Rad1 Qc5 26. g5 hxg5 27. Qxg5 Rfe8 28.
Rd2 Rad8 29. Rfd1 Rxd2 30. Rxd2 Qc3 31. Kh2 Rb8 32. Rd6 Kf8 33. Rxf6 gxf6 34.
Qxf6 Qc7 35. Qh8+ Ke7 36. Qh4+ 1-0

[Event "Titled Tue 20th May Early"]
[Site "chess.com INT"]
[Date "2025.05.20"]
[Round "5"]
[White "Hayrapetyan, Edgar"]
[Black "Firouzja, Alireza"]
[Result "0-1"]
[WhiteTitle "FM"]
[BlackTitle "GM"]
[WhiteElo "2161"]
[BlackElo "2757"]
[WhiteFideId "13313568"]
[BlackFideId "12573981"]
[EventDate "2025.05.20"]

1. e4 c6 2. d4 d5 3. Nc3 a6 4. Nf3 Bg4 5. Be2 e6 6. O-O Nd7 7. Bf4 Bb4 8. exd5
cxd5 9. h3 Bh5 10. Nb1 Ngf6 11. c3 Be7 12. Nbd2 O-O 13. Re1 Rc8 14. Nf1 Bxf3 15.
Bxf3 b5 16. a3 Nb6 17. g4 Nc4 18. Qe2 Bd6 19. Bg5 h6 20. Bh4 g5 21. Bg3 Kg7 22.
Be5 Bxe5 23. dxe5 Nd7 24. Ng3 Ncxe5 25. Bg2 Ng6 26. Qd2 Nf4 27. Bf1 Nc5 28. Rad1
Qf6 29. Qe3 Rh8 30. Rd4 h5 31. gxh5 Nxh5 32. Rg4 Nf4 33. h4 Rxh4 34. Rxh4 gxh4
35. Qxf4 hxg3 36. Qxg3+ Qg6 37. Qxg6+ Kxg6 38. Kg2 Kf6 39. Re3 Rh8 40. Be2 Ke7
41. Bf3 Kd6 42. Be2 f5 43. Rg3 f4 44. Rg7 Nd7 45. Rf7 Rg8+ 46. Kf1 e5 47. Bd1
Ke6 48. Rh7 e4 49. Bh5 Ne5 50. Be2 f3 51. Rh6+ Kf5 52. Bd1 Nc4 53. b3 Nd2+ 54.
Ke1 Nb1 55. Rxa6 0-1

[Event "Titled Tue 20th May Early"]
[Site "chess.com INT"]
[Date "2025.05.20"]
[Round "5"]
[White "Pribelszky, Bence"]
[Black "Odegov, Artem"]
[Result "0-1"]
[WhiteTitle "IM"]
[BlackTitle "FM"]
[WhiteElo "2400"]
[BlackElo "2244"]
[WhiteFideId "769738"]
[BlackFideId "34183644"]
[EventDate "2025.05.20"]

1. c4 e6 2. Nc3 d5 3. d4 c5 4. e3 dxc4 5. Bxc4 Nf6 6. Nf3 cxd4 7. exd4 Be7 8.
O-O O-O 9. d5 exd5 10. Nxd5 Nxd5 11. Qxd5 Qxd5 12. Bxd5 Nc6 13. Bg5 Bxg5 14.
Nxg5 h6 15. Ne4 Rd8 16. Rfd1 Bf5 17. Nc5 Rab8 18. a3 b6 19. Bxc6 bxc5 20. Bd5
Kf8 21. Rd2 Be6 22. Rad1 Bxd5 23. Rxd5 Rxd5 24. Rxd5 Rxb2 25. g3 c4 26. Rc5 Rc2
27. Ra5 c3 28. Rxa7 Ra2 29. Kg2 c2 30. Rc7 Ke8 31. h4 Kd8 32. Rc3 Kd7 33. h5 Kd6
34. Rc8 Kd5 0-1

[Event "Titled Tue 20th May Early"]
[Site "chess.com INT"]
[Date "2025.05.20"]
[Round "5"]
[White "Shukhman, Anna"]
[Black "Luong Phuong Hanh"]
[Result "1-0"]
[WhiteTitle "WGM"]
[BlackTitle "WIM"]
[WhiteElo "2413"]
[BlackElo "2144"]
[WhiteFideId "54180058"]
[BlackFideId "12401013"]
[EventDate "2025.05.20"]

1. e4 c5 2. Nf3 e6 3. d4 cxd4 4. Nxd4 a6 5. Bd3 Bc5 6. Nb3 Be7 7. Qg4 g6 8. Qd1
d6 9. c4 Nd7 10. Nc3 Qc7 11. O-O Ne5 12. Be2 Nxc4 13. Qd4 Ne5 14. f4 Bf6 15.
fxe5 Bxe5 16. Qf2 b5 17. Bf4 Bb7 18. Rac1 Qe7 19. Bxe5 dxe5 20. Na5 Nh6 21. Nxb7
Qxb7 22. Qe3 Ng8 23. Qc5 Ne7 24. Qxe5 O-O 25. Qf6 Nc6 26. Bf3 b4 27. Ne2 Qb5 28.
e5 Rac8 29. Bxc6 Qxe2 30. Rfe1 Qxb2 31. Qf2 Qa3 32. Rc2 Rc7 33. Be4 Rxc2 34.
Qxc2 Rd8 35. Qb3 Qa5 36. Bf3 Qb6+ 37. Qe3 a5 38. Qxb6 1-0

[Event "Titled Tue 20th May Early"]
[Site "chess.com INT"]
[Date "2025.05.20"]
[Round "5"]
[White "Manafov, Vugar"]
[Black "Iljin, Timofey"]
[Result "0-1"]
[WhiteTitle "IM"]
[BlackTitle "IM"]
[WhiteElo "2432"]
[BlackElo "2242"]
[WhiteFideId "13410814"]
[BlackFideId "14110180"]
[EventDate "2025.05.20"]

1. Nf3 Nf6 2. d4 g6 3. c4 Bg7 4. g3 O-O 5. Bg2 d6 6. O-O Nbd7 7. Nc3 e5 8. e4
exd4 9. Nxd4 Re8 10. Re1 Nc5 11. Qc2 a5 12. h3 c6 13. Be3 a4 14. Rad1 Qa5 15. f3
Nfd7 16. f4 Nf6 17. Bf2 a3 18. b3 Qb4 19. Re2 Bd7 20. Ncb5 Ncxe4 21. Nc7 Nxf2
22. Rxf2 Re1+ 23. Kh2 Rxd1 24. Qxd1 Rc8 25. Nc2 Qb6 26. Rd2 Qxc7 27. Rxd6 Bf5
28. Ne3 Be4 29. Bxe4 Nxe4 30. Rd7 Qb6 31. Qf3 Re8 32. f5 Ng5 33. Qf4 Rxe3 34.
Qf2 Ne4 35. Qc2 Re1 36. fxg6 Qg1# 0-1

[Event "Titled Tue 20th May Early"]
[Site "chess.com INT"]
[Date "2025.05.20"]
[Round "5"]
[White "Maycock Bates, David Henry"]
[Black "Ernst, Robert"]
[Result "1-0"]
[WhiteTitle "CM"]
[BlackTitle "FM"]
[WhiteElo "2274"]
[BlackElo "2340"]
[WhiteFideId "5142547"]
[BlackFideId "1662643"]
[EventDate "2025.05.20"]

1. e4 c5 2. Nf3 d6 3. d4 cxd4 4. c3 Nf6 5. Bd3 dxc3 6. Nxc3 e6 7. O-O Be7 8. Bf4
O-O 9. Qd2 Nc6 10. Rfd1 Nd7 11. Bc4 Nde5 12. Nxe5 dxe5 13. Be3 a6 14. Qxd8 Rxd8
15. Bb6 Re8 16. Na4 Nd4 17. Nc5 Bd8 18. Bxd8 Rxd8 19. f4 b6 20. Nb3 Bb7 21. fxe5
Nc6 22. Rd6 Nxe5 23. Rxb6 Nxc4 24. Rxb7 Nxb2 25. Rc1 Nd3 26. Rcc7 Ne5 27. h3 h5
28. Rc5 Rd1+ 29. Kh2 Ng6 30. Rxh5 1-0

[Event "Titled Tue 20th May Early"]
[Site "chess.com INT"]
[Date "2025.05.20"]
[Round "5"]
[White "Bortnyk, Olexandr"]
[Black "Nguyen, Quoc Hy"]
[Result "1-0"]
[WhiteTitle "GM"]
[BlackTitle "FM"]
[WhiteElo "2601"]
[BlackElo "2389"]
[WhiteFideId "14120828"]
[BlackFideId "12410853"]
[EventDate "2025.05.20"]

1. d4 d5 2. Nc3 Nf6 3. Bf4 c6 4. e3 Bf5 5. Nf3 Nbd7 6. Bd3 e6 7. h3 Bb4 8. O-O
O-O 9. Ne2 Nb6 10. Ne5 Bd6 11. Ng3 Bxd3 12. cxd3 Re8 13. Rc1 Rc8 14. Bg5 h6 15.
Bxf6 Qxf6 16. f4 c5 17. dxc5 Bxc5 18. d4 Bd6 19. Qb3 Bxe5 20. fxe5 Qg5 21. Rxc8
Rxc8 22. Kh2 Nc4 23. Qxb7 Rf8 24. e4 Nd2 25. Rd1 Qf4 26. exd5 h5 27. Rxd2 Qxd2
28. dxe6 h4 29. Nh5 Qxd4 30. Qc7 Qd8 31. exf7+ Kh7 32. Qxd8 Rxd8 33. e6 1-0

[Event "Titled Tue 20th May Early"]
[Site "chess.com INT"]
[Date "2025.05.20"]
[Round "5"]
[White "Kozlov, Oleg"]
[Black "Szpar, Milosz"]
[Result "0-1"]
[WhiteTitle "IM"]
[BlackTitle "IM"]
[WhiteElo "2253"]
[BlackElo "2475"]
[WhiteFideId "4104544"]
[BlackFideId "1184989"]
[EventDate "2025.05.20"]

1. Nf3 d5 2. g3 Nc6 3. d4 Bf5 4. Bg2 Nb4 5. Na3 e6 6. O-O Be7 7. Bf4 g5 8. Bd2
Nc6 9. Nb1 h5 10. Be3 h4 11. Nbd2 hxg3 12. fxg3 Nh6 13. Nb3 Ng4 14. Bd2 Qd6 15.
Qe1 Bxc2 16. h3 Bxb3 17. axb3 Nh6 18. Nxg5 Nxd4 19. Qf2 Ndf5 20. g4 Ng3 21. Nxf7
Nxf7 22. Qxf7+ Kd7 23. Rf2 Raf8 24. Qg7 Rxf2 25. Kxf2 Rf8+ 26. Kg1 Nxe2+ 27. Kh1
Ng3+ 28. Kg1 Ne4 29. Be3 Qg3 30. Qh6 Ng5 31. Rf1 Qxe3+ 32. Kh1 Rxf1+ 33. Bxf1
Qe4+ 34. Bg2 Qe1+ 35. Kh2 Bd6# 0-1

[Event "Titled Tue 20th May Early"]
[Site "chess.com INT"]
[Date "2025.05.20"]
[Round "5"]
[White "Carnicelli, Valerio"]
[Black "Cordeiro, Marco Aurelio Zaror"]
[Result "1-0"]
[WhiteTitle "FM"]
[WhiteElo "2396"]
[BlackElo "2048"]
[WhiteFideId "856185"]
[BlackFideId "2117991"]
[EventDate "2025.05.20"]

1. e4 Nf6 2. e5 Nd5 3. d4 d6 4. Nf3 Bg4 5. h3 Bh5 6. Bc4 Nb6 7. Bb3 e6 8. exd6
cxd6 9. O-O Be7 10. a4 a5 11. c3 O-O 12. Bc2 Nc6 13. Re1 d5 14. Na3 Bg6 15. Nb5
Rc8 16. Bf4 Nc4 17. b3 Bxc2 18. Qxc2 Nd6 19. Qd3 b6 20. Nxd6 Bxd6 21. Bg5 f6 22.
Bd2 Qd7 23. Re2 Rfe8 24. Rae1 Bb8 25. Qb5 Bc7 26. Bc1 Qd6 27. g3 e5 28. dxe5
fxe5 29. Rd1 Rcd8 30. c4 d4 31. Re4 Nb4 32. Ba3 Qg6 33. Rg4 Qc2 34. Re1 e4 35.
Qg5 g6 36. Nh4 Re6 37. Qf5 Rde8 38. Nxg6 hxg6 39. Rxg6+ Rxg6 40. Qxg6+ Kf8 41.
h4 e3 42. Qxc2 1-0

[Event "Titled Tue 20th May Early"]
[Site "chess.com INT"]
[Date "2025.05.20"]
[Round "5"]
[White "Sadey, Rinoa Mariel"]
[Black "Yevchenko, Oleksandr"]
[Result "1-0"]
[BlackTitle "CM"]
[WhiteElo "1760"]
[BlackElo "2276"]
[WhiteFideId "5255945"]
[BlackFideId "14108267"]
[EventDate "2025.05.20"]

1. d4 Nf6 2. c4 e6 3. Nf3 d5 4. Nc3 c6 5. g3 dxc4 6. Bg2 Bb4 7. Ne5 O-O 8. Nxc4
Na6 9. O-O c5 10. Nb5 cxd4 11. a3 Be7 12. Bg5 Nd5 13. Bxe7 Qxe7 14. Qxd4 Bd7 15.
Nbd6 Bc6 16. e4 Nf6 17. Ne5 Rfd8 18. Nxc6 bxc6 19. e5 Nd5 20. Rac1 c5 21. Qa4
Nac7 22. Rxc5 a6 23. Rfc1 h6 24. Nb7 Rdb8 25. Nd6 Rb6 26. Rxc7 Nxc7 27. Bxa8
Nxa8 28. Rc8+ Kh7 29. Qe4+ g6 30. Qxa8 g5 31. g4 1-0

[Event "Titled Tue 20th May Early"]
[Site "chess.com INT"]
[Date "2025.05.20"]
[Round "5"]
[White "Ugarte Soto, Cesar"]
[Black "Lloret Ramis, Juan Jose"]
[Result "1/2-1/2"]
[WhiteTitle "CM"]
[BlackTitle "FM"]
[WhiteElo "2088"]
[BlackElo "2019"]
[WhiteFideId "3601331"]
[BlackFideId "2204053"]
[EventDate "2025.05.20"]

1. d4 d5 2. Bf4 e6 3. e3 Bd6 4. Bg3 Nf6 5. Bd3 O-O 6. Nf3 c5 7. c3 Nc6 8. Nbd2
Qc7 9. O-O e5 10. dxe5 Nxe5 11. Nxe5 Bxe5 12. Bxe5 Qxe5 13. Nf3 Qe7 14. Be2 Be6
15. Qa4 b6 16. Rfe1 Ne4 17. Rad1 Rad8 18. Bd3 Bf5 19. c4 Bg6 20. cxd5 Rxd5 21.
Bc4 Rd6 22. Rxd6 Nxd6 23. Be2 Rd8 24. Rd1 h6 25. h3 Be4 26. Nd2 Bf5 27. Bf3 Be6
28. a3 a5 29. Qc2 Bf5 30. Qb3 Qc7 31. Nf1 Ne4 32. Rxd8+ Qxd8 33. Bxe4 Bxe4 34.
Ng3 Bg6 35. Qb5 Kh7 36. Kh2 Qd6 37. h4 Qf6 38. h5 Bxh5 39. Nxh5 Qh4+ 40. Kg1
Qxh5 41. Qxb6 Qd1+ 42. Kh2 Qd2 43. Qxc5 Qxb2 44. Qf5+ Kg8 45. Qc8+ Kh7 46. Qf5+
Kg8 47. Qc8+ Kh7 48. Qf5+ 1/2-1/2

[Event "Titled Tue 20th May Early"]
[Site "chess.com INT"]
[Date "2025.05.20"]
[Round "5"]
[White "Altynbek, Aiaru"]
[Black "Fishman, Albert"]
[Result "1-0"]
[WhiteTitle "WFM"]
[WhiteElo "1977"]
[BlackElo "2149"]
[WhiteFideId "13752472"]
[BlackFideId "2090597"]
[EventDate "2025.05.20"]

1. d4 g6 2. c4 Bg7 3. Nf3 d6 4. g3 Nf6 5. Bg2 O-O 6. Nc3 Nc6 7. O-O e5 8. dxe5
Nxe5 9. b3 Bg4 10. Nxe5 dxe5 11. Qxd8 Raxd8 12. Bxb7 e4 13. Bg5 h6 14. Be3 Ne8
15. Rac1 Nd6 16. Bd5 Bxc3 17. Rxc3 Bxe2 18. Re1 Bf3 19. Bxa7 Kh7 20. Bc5 f5 21.
a4 Rfe8 22. a5 Kg7 23. Bxd6 Rxd6 24. Rxf3 c6 25. Bxe4 fxe4 26. Rfe3 Ra8 27. b4
Rb8 28. c5 Rd4 29. Rxe4 Rbxb4 30. Rxd4 Rxd4 31. Ra1 Rd7 32. a6 Ra7 33. Kg2 Kf6
34. Kf3 Ke5 35. Ke3 Kd5 36. Ra5 Re7+ 37. Kf4 Ra7 38. h4 Rf7+ 39. Kg4 Ra7 40. f4
Ke6 41. h5 Kf6 42. Ra3 Kg7 43. hxg6 Kxg6 44. f5+ Kf6 45. Kf4 h5 46. Ra4 Kf7 47.
Kg5 Ke7 48. Kxh5 Kf6 49. Kg4 Ke5 50. Rf4 Rxa6 51. f6 Ra8 52. f7 Rf8 53. Kg5 Ke6
54. Kg6 Ke7 55. Kg7 Rg8+ 56. fxg8=Q Kd7 57. Qf7+ Kc8 58. Qe8+ Kb7 59. Rf7+ Ka6
60. Qxc6+ Ka5 61. Qb6+ Ka4 62. Ra7# 1-0

[Event "Titled Tue 20th May Early"]
[Site "chess.com INT"]
[Date "2025.05.20"]
[Round "5"]
[White "Alcazar Jimenez, Jesus Alberto"]
[Black "Starosta, Martyna"]
[Result "0-1"]
[WhiteTitle "FM"]
[BlackTitle "WFM"]
[WhiteElo "2141"]
[BlackElo "2182"]
[WhiteFideId "2209756"]
[BlackFideId "21818754"]
[EventDate "2025.05.20"]

1. e4 d5 2. exd5 Qxd5 3. Nc3 Qa5 4. d4 c6 5. Nf3 Bf5 6. h3 Nf6 7. g4 Bg6 8. Ne5
Nbd7 9. f4 Be4 10. Rh2 Nxe5 11. fxe5 Nd5 12. Bd2 Nxc3 13. Bxc3 Qc7 14. Qe2 Bg6
15. h4 h6 16. h5 Bh7 17. O-O-O e6 18. Rf2 Be7 19. Qf3 Bg5+ 20. Kb1 a5 21. Bd2
Bxd2 22. Rdxd2 a4 23. a3 Rd8 24. Kc1 O-O 25. Bd3 Bxd3 26. Rxd3 c5 27. g5 hxg5
28. h6 gxh6 29. Qf6 Rxd4 30. Rh2 Rh4 31. Rxh4 gxh4 32. Rh3 Qa5 33. Qxh4 Rd8 34.
c3 Kf8 35. Qxh6+ Ke8 36. Qh8+ Kd7 37. Qg7 Kc8 38. Qxf7 Qa6 39. Rh7 Qc6 40. Rh6
Kb8 41. Rg6 Qh1+ 0-1

[Event "Titled Tue 20th May Early"]
[Site "chess.com INT"]
[Date "2025.05.20"]
[Round "5"]
[White "Trifan, Andrei Ioan"]
[Black "Csonka, Balazs"]
[Result "0-1"]
[WhiteTitle "FM"]
[BlackTitle "IM"]
[WhiteElo "2321"]
[BlackElo "2469"]
[WhiteFideId "12967068"]
[BlackFideId "742910"]
[EventDate "2025.05.20"]

1. Nf3 Nf6 2. g3 d5 3. Bg2 c6 4. O-O Bf5 5. c4 e6 6. Qb3 Qb6 7. d3 Nbd7 8. Be3
Bc5 9. Bxc5 Nxc5 10. Qc3 a5 11. Rc1 Ncd7 12. cxd5 cxd5 13. Qa3 Qb4 14. Rc7 Rb8
15. Qxb4 axb4 16. Nbd2 Ke7 17. Rac1 Ne8 18. R7c2 Nd6 19. Nd4 Ra8 20. e4 dxe4 21.
Nxf5+ Nxf5 22. Rc7 exd3 23. Bxb7 Rxa2 24. Nc4 Nd6 25. Ne5 Rd8 26. Bf3 Rxb2 27.
Rd1 d2 28. Bc6 Rc2 29. Nxd7 Rc1 30. Ne5+ Kf8 0-1

[Event "Titled Tue 20th May Early"]
[Site "chess.com INT"]
[Date "2025.05.20"]
[Round "5"]
[White "Keneshbekov, Elim"]
[Black "Mohammadi, Melika"]
[Result "0-1"]
[WhiteTitle "CM"]
[BlackTitle "WFM"]
[WhiteElo "1867"]
[BlackElo "2205"]
[WhiteFideId "13816772"]
[BlackFideId "42529271"]
[EventDate "2025.05.20"]

1. e4 e5 2. Nf3 Nf6 3. Nxe5 d6 4. Nf3 Nxe4 5. Nc3 Nf6 6. d4 d5 7. Bg5 c6 8. Bd3
Be7 9. O-O O-O 10. Ne5 Nbd7 11. f4 h6 12. Bh4 Ne8 13. Bxe7 Qxe7 14. Qd2 Nd6 15.
Rae1 Qd8 16. Kh1 Nf6 17. Qf2 Qb6 18. b3 Bf5 19. Rd1 Qb4 20. Bxf5 Nxf5 21. Rd3
Nd6 22. f5 Rfe8 23. Qh4 c5 24. Rg3 Kh7 25. Rf4 cxd4 26. Rxd4 Rxe5 27. Rxg7+ Kxg7
28. Rxb4 Nxf5 29. Qf2 d4 30. Ne2 Rae8 31. Ng1 Ng4 32. Qf4 h5 33. Qg5+ Kh7 34.
Qxh5+ Nfh6 35. Qh4 Rh5 36. Qg3 Rxh2+ 37. Qxh2 Nf2# 0-1

[Event "Titled Tue 20th May Early"]
[Site "chess.com INT"]
[Date "2025.05.20"]
[Round "5"]
[White "Anakok, Deniz"]
[Black "Garcia Garcia, Adrian Antonio"]
[Result "0-1"]
[WhiteTitle "CM"]
[BlackTitle "CM"]
[WhiteElo "2058"]
[BlackElo "2157"]
[WhiteFideId "51603586"]
[BlackFideId "2206587"]
[EventDate "2025.05.20"]

1. e4 c6 2. Nc3 d5 3. Nf3 dxe4 4. Nxe4 Nd7 5. Qe2 e6 6. d4 Ngf6 7. c3 Be7 8. Bf4
O-O 9. O-O-O Nxe4 10. Qxe4 Nf6 11. Qc2 b5 12. h3 a5 13. g4 Nd5 14. Bd2 a4 15.
Bd3 f5 16. Ne5 Qb6 17. Rhg1 Kh8 18. gxf5 exf5 19. Rde1 b4 20. c4 b3 21. Qb1 bxa2
22. Qxa2 Nb4 23. Bxb4 Bxb4 24. c5 Qc7 25. Nf7+ Kg8 26. Re5 Ba6 27. Bxa6 Rxa6 28.
Nd8+ Kh8 29. Ne6 Qf7 30. Rxg7 Qh5 31. Nxf8 Qh6+ 32. Kb1 Qxg7 33. Qc4 Ra8 34.
Qxb4 Rxf8 35. Qxa4 Qg1+ 36. Ka2 Qxf2 37. Qxc6 Qxd4 38. Qd5 Qa4+ 39. Kb1 f4 40.
Rf5 Re8 0-1

[Event "Titled Tue 20th May Early"]
[Site "chess.com INT"]
[Date "2025.05.20"]
[Round "5"]
[White "Zepeda Berlanga, Jan Enrique"]
[Black "Cnejev, Vladimir-Alexandru"]
[Result "0-1"]
[WhiteTitle "CM"]
[BlackTitle "FM"]
[WhiteElo "1941"]
[BlackElo "2350"]
[WhiteFideId "5132355"]
[BlackFideId "1260898"]
[EventDate "2025.05.20"]

1. e4 g6 2. d4 Nf6 3. Nc3 d5 4. e5 Ne4 5. Bd3 Nxc3 6. bxc3 c5 7. f4 Nc6 8. Nf3
Bg4 9. Be3 Qa5 10. O-O Qxc3 11. Rb1 O-O-O 12. dxc5 e6 13. Rb3 Qa5 14. Rb5 Qxa2
15. Qd2 d4 16. Bf2 Bxf3 17. gxf3 a6 18. Rbb1 Qa5 19. Qxa5 Nxa5 20. Rfd1 Bxc5 21.
Be4 Rd7 22. c3 Rhd8 23. cxd4 Bxd4 24. Rdc1+ Kb8 25. Bxd4 Rxd4 26. Kg2 R8d7 27.
Rc5 b5 28. Rc2 Ka7 29. Ra2 Ra4 30. Rxa4 bxa4 31. Ra1 Rd4 32. Bc2 Nb3 0-1

[Event "Titled Tue 20th May Early"]
[Site "chess.com INT"]
[Date "2025.05.20"]
[Round "5"]
[White "Shevkunov, Vladyslav"]
[Black "Javakhadze, Zurab"]
[Result "0-1"]
[BlackTitle "IM"]
[WhiteElo "2073"]
[BlackElo "2412"]
[WhiteFideId "30953448"]
[BlackFideId "13603647"]
[EventDate "2025.05.20"]

1. e4 e5 2. Nf3 Nc6 3. Bb5 a6 4. Ba4 Nf6 5. d3 d6 6. c3 Bd7 7. O-O g6 8. Re1 Bg7
9. Nbd2 O-O 10. Nf1 Re8 11. Ng3 h6 12. h3 d5 13. Be3 b5 14. Bb3 dxe4 15. dxe4
Na5 16. Qd2 Nxb3 17. axb3 Kh7 18. Red1 Qe7 19. Nxe5 Qxe5 20. Bd4 Nxe4 21. Nxe4
Qxe4 22. Bxg7 Kxg7 23. Qxd7 Qe6 24. Qxe6 Rxe6 25. Rd7 Rc8 26. Rd5 Re2 27. Rxa6
c6 28. Rc5 Rxb2 29. b4 Rd8 30. Raxc6 Rd1+ 31. Kh2 Rxf2 32. Rxb5 Rdd2 33. Rb7
Rxg2+ 34. Kh1 Rge2 35. Rxg6+ Kxg6 36. Rb6+ Kg7 37. Rg6+ 0-1

[Event "Titled Tue 20th May Early"]
[Site "chess.com INT"]
[Date "2025.05.20"]
[Round "5"]
[White "Kim, Sergey"]
[Black "Deboushnik De"]
[Result "0-1"]
[WhiteTitle "FM"]
[WhiteElo "2295"]
[BlackElo "2207"]
[WhiteFideId "13700570"]
[BlackFideId "25768778"]
[EventDate "2025.05.20"]

1. d4 d5 2. c4 c6 3. Nf3 Nf6 4. Qc2 dxc4 5. Qxc4 Bf5 6. e3 e6 7. Bd3 Bxd3 8.
Qxd3 c5 9. O-O cxd4 10. exd4 Be7 11. Nc3 O-O 12. Rd1 Nc6 13. a3 Qc7 14. Bg5 Rfd8
15. Rac1 h6 16. Bh4 Rd7 17. h3 Qa5 18. Qe3 Rad8 19. Rd2 a6 20. Rcd1 Qf5 21. Bg3
Na5 22. Ne5 Nd5 23. Qe2 Nb3 24. Nxd7 Nxd2 25. Nxd5 Qxd5 26. Nb6 Qc6 27. Rxd2
Qxb6 28. d5 Bg5 29. Rd1 exd5 30. b4 Qc6 31. Kh2 Bf6 32. Qd3 d4 33. Qf5 Qd5 34.
Qf4 a5 35. Rd3 Qc4 36. Qd2 axb4 37. axb4 Ra8 38. f4 Ra2 39. Qd1 Qc2 40. Qf3 Ra1
41. f5 Qb1 42. Bf4 Bh4 0-1

[Event "Titled Tue 20th May Early"]
[Site "chess.com INT"]
[Date "2025.05.20"]
[Round "5"]
[White "Gunawardhana, Devindya Oshini"]
[Black "Cori Quispe, Kevin Joel"]
[Result "1-0"]
[WhiteTitle "WIM"]
[BlackTitle "GM"]
[WhiteElo "2068"]
[BlackElo "2464"]
[WhiteFideId "29941482"]
[BlackFideId "3814017"]
[EventDate "2025.05.20"]

1. Nf3 g6 2. g3 Bg7 3. d4 Nf6 4. Bg2 O-O 5. O-O d5 6. c3 Bf5 7. Nbd2 Nbd7 8. Nh4
Be6 9. e4 dxe4 10. Nxe4 Nxe4 11. Bxe4 c6 12. Bg2 a5 13. Re1 Bd5 14. Nf3 a4 15.
Qd3 Re8 16. Bf4 c5 17. Rad1 Bxa2 18. dxc5 Nxc5 19. Qe3 Qc8 20. Bh6 Bh8 21. Ng5
Ra6 22. Bd5 Bxd5 23. Rxd5 Ne6 24. Ne4 a3 25. bxa3 Rxa3 26. Qc1 Ra2 27. c4 Nd4
28. Qf4 Ne2+ 29. Rxe2 Rxe2 30. Ng5 Qf5 31. Rxf5 Re1+ 32. Kg2 f6 33. Nf3 e5 34.
Qh4 1-0

[Event "Titled Tue 20th May Early"]
[Site "chess.com INT"]
[Date "2025.05.20"]
[Round "5"]
[White "Dawda Vihaan"]
[Black "Shokirjonova, Barchinoy"]
[Result "1-0"]
[WhiteTitle "CM"]
[BlackTitle "WFM"]
[WhiteElo "2227"]
[BlackElo "2043"]
[WhiteFideId "25681834"]
[BlackFideId "14212307"]
[EventDate "2025.05.20"]

1. e4 e5 2. Nf3 Nc6 3. Bb5 a6 4. Ba4 Nf6 5. O-O b5 6. Bb3 Be7 7. d3 O-O 8. a3 d6
9. h3 Bb7 10. Nc3 Na5 11. Ba2 c5 12. Bg5 h6 13. Bxf6 Bxf6 14. Nd5 Bxd5 15. Bxd5
Rc8 16. b4 Nc6 17. bxc5 dxc5 18. a4 Nb4 19. c4 bxc4 20. Bxc4 Qc7 21. Nh2 Rfd8
22. Qf3 Nc2 23. Ra2 Nb4 24. Re2 Rd6 25. Ng4 Rcd8 26. Qg3 Kh8 27. Nxe5 Bxe5 28.
Qxe5 Qa5 29. Bxf7 Nxd3 30. Qh5 Nf4 31. Qg4 Nxe2+ 32. Qxe2 Qxa4 33. e5 Rd1 34. g3
Rxf1+ 35. Kxf1 Qd7 36. e6 Qe7 37. Qxa6 Qd6 38. Qxd6 Rxd6 39. e7 Rd1+ 40. Ke2 1-0